000 01327nam a2200373 ia4500
003 OSt
005 20230104171510.0
008 230103t20222022si ao jr 000 0 eng d
020 _a9789811258121
_qset
020 _a9789811254482
_cRM77.70
_qhardback
020 _a9789811254482
_cRM 79.00
_qhardback
040 _aPPAK
_beng
_cPPAK
_erda
082 0 4 _a741.5
_223
090 0 0 _a741.5
_bBOO
_dK
100 1 _aBoo, Benedict,
_eauthor.
245 0 0 _aWorld of Science :
_bAdventures with Germs and Your Health /
_cWritten by Benedict Boo ; Illustrated by Alan Bay.
264 1 _aSingapore :
_bWS Education, an imprint of World Scientific Publishing Co. Pte. Ltd.,
_c[2022]
264 4 _c©2022
300 _a80 pages :
_bcolour illustrations, colour photographs ;
_c27 cm
336 _atext
_2rdacontent
336 _astill image
_2rdacontent
337 _aunmediated
_2rdamedia
338 _avolume
_2rdacarrier
490 1 _aWorld of Science ;
_v12
490 1 _aAn Augmented Reality Experience.
586 _aBestselling Series.
650 1 0 _aBacteria
_vComic books, strips,etc.
650 2 0 _aBacteria
_vJuvenile literature
655 0 _aGraphic novels
700 1 _aBay, Alan,
_eillustrator.
830 0 _aWorld of Science ;
_n12
830 0 _aAn Augmented Reality Experience.
942 _2ddc
_cARB
999 _c190955
_d190955